Communication matters
Sparad:
| Huvudupphovsman: | |
|---|---|
| Materialtyp: | Bok |
| Språk: | Undetermined |
| Publicerad: |
Minneapolis
West Publishing
1994
|
| Ämnen: | |
| Taggar: |
Lägg till en tagg
Inga taggar, Lägg till första taggen!
|
| Thư viện lưu trữ: | Trung tâm Học liệu Trường Đại học Cần Thơ |
|---|
| LEADER | 00598nam a2200193Ia 4500 | ||
|---|---|---|---|
| 001 | CTU_109715 | ||
| 008 | 210402s9999 xx 000 0 und d | ||
| 082 | |a 401 | ||
| 082 | |b C988 | ||
| 100 | |a McCutcheon, Randall | ||
| 245 | 0 | |a Communication matters | |
| 245 | 0 | |c Randall McCutcheon, James Schaffer, Ioseph R. Wycoff | |
| 260 | |a Minneapolis | ||
| 260 | |b West Publishing | ||
| 260 | |c 1994 | ||
| 650 | |a Communication,Conversation,Discourse analysis,Language and languages | ||
| 650 | |x Sex differences | ||
| 904 | |i Giang, Q. Hieu | ||
| 980 | |a Trung tâm Học liệu Trường Đại học Cần Thơ | ||